100 film italiani da salvare - Statistics

Statistiche generali
  • Questo quiz è stato fatto 137 volte
  • Il punteggio medio è 13 su 100
Statistiche sulle risposte
Anno Regista Titolo % Corretto
1960 Federico Fellini La dolce vita
64%
1945 Roberto Rossellini Roma città aperta
60%
1948 Vittorio De Sica Ladri di biciclette
59%
1963 Federico Fellini 8 e mezzo
57%
1973 Federico Fellini Amarcord
53%
1963 Luchino Visconti Il Gattopardo
43%
1954 Federico Fellini La strada
41%
1962 Dino Risi Il sorpasso
36%
1946 Vittorio De Sica Sciuscià
36%
1953 Federico Fellini I vitelloni
34%
1978 Ermanno Olmi L'albero degli zoccoli
34%
1976 Bernardo Bertolucci Novecento
34%
1961 Pier Paolo Pasolini Accattone
32%
1946 Roberto Rossellini Paisà
31%
1958 Mario Monicelli I soliti ignoti
28%
1977 Ettore Scola Una giornata particolare
25%
1957 Federico Fellini Le notti di Cabiria
24%
1953 Luigi Comencini Pane, amore e fantasia
24%
1974 Ettore Scola C'eravamo tanto amati
23%
1954 Luchino Visconti Senso
23%
1970 Elio Petri Indagine su un cittadino al di sopra di ogni sospetto
21%
1975 Luciano Salce Fantozzi
20%
1959 Mario Monicelli La grande guerra
18%
1951 Vittorio De Sica Miracolo a Milano
18%
1951 Luchino Visconti Bellissima
17%
1952 Vittorio De Sica Umberto D.
17%
1961 Pietro Germi Divorzio all'italiana
16%
1943 Luchino Visconti Ossessione
16%
1963 Dino Risi I mostri
15%
1965 Marco Bellocchio I pugni in tasca
15%
1962 Michelangelo Antonioni L'eclisse
15%
1952 Federico Fellini Lo sceicco bianco
15%
1966 Pier Paolo Pasolini Uccellacci e uccellini
15%
1960 Luchino Visconti Rocco e i suoi fratelli
14%
1970 Bernardo Bertolucci Il conformista
13%
1948 Luchino Visconti La terra trema
11%
1954 Steno Un americano a Roma
11%
1977 Mario Monicelli Un borghese piccolo piccolo
11%
1952 Julien Duvivier Don Camillo
10%
1967 Marco Bellocchio La Cina è vicina
10%
1963 Francesco Rosi Le mani sulla città
10%
1949 Giuseppe De Santis Riso amaro
10%
1952 Steno Totò a colori
10%
1968 Luigi Zampa Il medico della mutua
9%
1966 Gillo Pontecorvo La battaglia di Algeri
9%
1950 Alberto Lattuada e Federico Fellini Luci del varietà
9%
1961 Ermanno Olmi Il posto
8%
1965 Antonio Pietrangeli Io la conoscevo bene
8%
1951 Aldo Fabrizi La famiglia Passaguai
8%
1962 Francesco Rosi Salvatore Giuliano
8%
1964 Pier Paolo Pasolini Comizi d'amore
7%
1951 Mario Monticelli e Steno Guardie e ladri
7%
1960 Luigi Comencini Tutti a casa
7%
1976 Francesco Rosi Cadaveri eccellenti
6%
1950 Michelangelo Antonioni Cronaca di un amore
6%
1960 Mauro Bolognini Il bell'Antonio
6%
1972 Francesco Rosi Il caso Mattei
6%
1964 Marco Ferreri La donna scimmia
6%
1977 Paolo Taviani e Vittorio Taviani Padre padrone
6%
1956 Dino Risi Poveri ma belli
6%
1966 Pietro Germi Signore & signori
6%
1950 Roberto Rossellini Stromboli (Terra di Dio)
6%
1968 Marco Ferreri Dillinger è morto
5%
1961 Vittorio Caprioli Leoni al sole
5%
1954 Vittorio De Sica L'oro di Napoli
5%
1972 Luigi Comencini Lo scopone scientifico
5%
1962 Alberto Lattuada Mafioso
5%
1953 Eduardo De Filippo Napoletani a Milano
5%
1972 Marco Bellocchio Nel nome del padre
5%
1955 Mario Monicelli Un eroe dei nostri tempi
5%
1942 Alessandro Blasetti 4 passi fra le nuvole
3%
1954 Ettore Giannini Carosello napoletano
3%
1952 Roberto Rossellini Europa '51
3%
1954 Alberto Lattuada La spiaggia
3%
1964 Carlo Lizzani La vita agra
3%
1947 Luigi Zampa L'onorevole Angelina
3%
1973 Franco Brusati Pane e cioccolata
3%
1961 Dino Risi Una vita difficile
3%
1950 Luciano Emmer Domenica d'agosto
2%
1952 Renato Castellani Due soldi di speranza
2%
1953 Claudio Gora Febbre di vivere
2%
1972 Marco Ferreri L'udienza
2%
1959 Mauro Bolognini Arrangiatevi!
1%
1968 Carlo Lizzani Banditi a Milano
1%
1949 Raffaello Matarazzo Catene
1%
1949 Augusto Genina Cielo sulla palude
1%
1973 Vittorio De Seta Diario di un maestro
1%
1950 Pietro Germi Il cammino della speranza
1%
1949 Mario Bonnard La città dolente
1%
1961 Valerio Zurlini La ragazza con la valigia
1%
1954 Luigi Zampa L'arte di arrangiarsi
1%
1950 Alessandro Blasetti Prima comunione
1%
1963 Tinto Brass Chi lavora è perduto (In capo al mondo)
0%
1955 Francesco Maselli Gli Sbandati
0%
1957 Michelangelo Antonioni Il grido
0%
1953 Antonio Pietrangeli Il sole negli occhi
0%
1959 Francesco Rosi I magliari
0%
1960 Fiorestano Vancini La lunga notte del '43
0%
1953 Mario Soldati La provinciale
0%
1954 Vittorio Cottafavi Una donna libera
0%
Nessun quiz corrispondente trovato
Distribuzione punteggi
Percentuale di utenti per punteggio
Percentile per numero di risposta
I tuoi punteggi nel tempo
Non hai fatto questo quiz